00395nam a2200145Ia 4500008004100000020002200041050002200063245003400085260003300119300001400152500002000166650001700186980003100203999001500234151021s9999 xx 000 0 und d a9.7800706566e+012 aHC286.6.A24 2006  a_E R P Demystified (2nd ed.)  aIndia Tata mcGraw-hill 2006  axi,585p.  aIncludes Index  a_Enterprise  a^d20110216 11:37:03^okorir c6655d6655